Worst International Soccer Teams - Statistics

General Stats
  • This quiz has been taken 631 times
    487 since last reset
  • The average score is 7 of 30
Answer Stats
Rank Country % Correct
#202 San Marino
81%
#194 Andorra
46%
#186 Liechtenstein
39%
#188 Samoa
39%
#192 Tonga
36%
#196 Bhutan
33%
#198 Somalia
28%
#183 Bahamas
27%
#180 Faroe Islands
27%
#190 Mongolia
27%
#179 Pakistan
27%
#201 Timor-Leste
27%
#187 Afghanistan
25%
#178 Barbados
23%
#184 Lesotho
23%
#197 Papua New Guinea
21%
#182 St.Kitts and Nevis
21%
#195 Comoros
19%
#205 American Samoa
15%
#200 Guam
15%
#177 Tahiti
15%
#176 Swaziland
14%
#189 Central African Republic
13%
#193 Cook Islands
12%
#199 United States Virgin Islands
12%
#203 Anguilla
11%
#204 Montserrat
10%
#191 Cayman Islands
8%
#185 Palestine
8%
#181 Chinese Taipei
3%
No matching quizzes found
Score Distribution
Percent of People with Each Score
Percentile by Number Answered
Your Score History
You have not taken this quiz since the last reset